000 00882nam a22002057a 4500
003 0
005 20250203095639.0
008 250201b xxu||||| |||| 00| 0 eng d
050 _aLB 1027.28
_b.P63 2022
100 _aPoblete, Mark Jayven M.
245 _aA study on the level of customer experience of parents of students enrolled in southville basic education division
_cMark Jayven M. Poblete
260 _aLas Pinas City
_bSouthville International School and Colleges
_c2022
300 _aviii, 108 pages ;
_c28cm.
500 _aBachelor of Science in Business Administration Major in Marketing Management.
504 _aIncludes bibliographical references and appendices.
650 _aCustomer experience in education.
650 _aCustomer experience--Southville International School and Colleges.
650 _aducation—Quality assurance.
942 _2lcc
_cTH
999 _c367096
_d367096